000 00314nam a2200121Ia 4500
008 220216s9999 xx 000 0 und d
100 _aShell James A
245 0 _aFundamentals of performance elastomer recycling
260 _bRubber World
_c2009
300 _a32-37
650 _aElastomer recycling
942 _cJS
999 _c59647
_d59647